Biblioteca y Centro de Documentación

Los derechos de los trabajadores extranjeros y su protección penal (Registro nro. 45969)

Detalles MARC
000 -CABECERA
Longitud fija campo de control 00890naa a2200229 c 4500
001 - NÚMERO DE CONTROL
Número de control 45969
003 - IDENTIFICADOR DE NÚMERO DE CONTROL
Identificador del número de control ES-MaCES
005 - FECHA Y HORA DE LA ÚLTIMA TRANSACCIÓN
Fecha y hora de la última transacción 20150616091537.0
008 - CAMPO FIJO DE DESCRIPCIÓN FIJA--INFORMACIÓN GENERAL
Códigos de información de longitud fija   150615s2014 sp ||||| t||||||| ||spa d
040 ## - FUENTE DE CATALOGACIÓN
Centro catalogador de origen ES-MaCES
Lengua de catalogación spa
Centro transcriptor ES-MaCES
100 1# - ENCABEZAMIENTO PRINCIPAL--NOMBRE PERSONAL
9 (RLIN) 10011
Nombre de persona Correa Carrasco, Manuel
245 14 - MENCIÓN DE TÍTULO
Título Los derechos de los trabajadores extranjeros y su protección penal
Mención de responsabilidad, etc. Manuel Correa Carrasco
650 #4 - ASIENTO SECUNDARIO DE MATERIA--TÉRMINO DE MATERIA
9 (RLIN) 29924
Término de materia o nombre geográfico como elemento inicial derechos de los trabajadores
650 #4 - ASIENTO SECUNDARIO DE MATERIA--TÉRMINO DE MATERIA
9 (RLIN) 28408
Término de materia o nombre geográfico como elemento inicial trabajador migrante
650 #4 - ASIENTO SECUNDARIO DE MATERIA--TÉRMINO DE MATERIA
9 (RLIN) 28632
Término de materia o nombre geográfico como elemento inicial inmigración
650 #4 - ASIENTO SECUNDARIO DE MATERIA--TÉRMINO DE MATERIA
9 (RLIN) 27159
Término de materia o nombre geográfico como elemento inicial derecho penal
650 #4 - ASIENTO SECUNDARIO DE MATERIA--TÉRMINO DE MATERIA
9 (RLIN) 27172
Término de materia o nombre geográfico como elemento inicial situación jurídica
653 10 - TÉRMINO DE INDEXACIÓN--NO CONTROLADO
Término no controlado Asuntos Sociales
773 0# - ENTRADA DE DOCUMENTO FUENTE
Itemnumber del ítem fuente 82404
Lugar, editor y fecha de publicación Albacete (Concepción, 12, 2º izda., 02002) Bomarzo 1998-
Otro identificador del documento 085307
Título Revista de derecho social
Número de control del registro relacionado (ES-MaCES)25695
Parte(s) relacionada(s) CD n. 67 (jul. 2014) {10693 R. 085307} ;p. 46-72
902 ## - CES. TIPO DE DOCUMENTO
Tipodoc (006$c Sirtex) ART Artículo de revista
942 ## - ELEMENTOS KOHA
Fuente de clasificaión o esquema Clasificación propia del CES
Koha [por defecto] tipo de item Artículos (1982-2017)
Parte de clasificación Asuntos Sociales

No hay ítems disponibles.

© CES, Consejo Económico y Social de España 2021